LEADER 01345nam 2200409 450 001 9910398037103321 005 20200720105053.0 035 $a(CKB)5310000000015649 035 $a(MiAaPQ)EBC6771476 035 $a(EXLCZ)995310000000015649 100 $a20200720d2019 uy 0 101 0 $aspa 135 $aurcnu|||||||| 181 $ctxt$2rdacontent/spa 182 $cc$2rdamedia/spa 183 $acr$2rdacarrier/spa 200 00$aAportaciones sobre justicia en delitos de especial relevancia para las mujeres /$fdirectora Helena Soleto ; editora Melina Juan 210 1$aMadrid :$cDykinson,$d2019. 215 $a1 recurso en li?nea (225 pa?ginas) 311 $a84-1324-316-5 606 $aWomen$xLegal status, laws, etc 606 $aWomen's rights 606 $aMujeres$xEstatus legal, leyes, etc 606 $aDerechos de las mujeres 608 $aLibros electronicos. 615 0$aWomen$xLegal status, laws, etc. 615 0$aWomen's rights. 615 4$aMujeres$xEstatus legal, leyes, etc. 615 4$aDerechos de las mujeres. 676 $a346.0134 702 $aSoleto$b Helena 702 $aJuan$b Melina 801 0$bFINmELB 906 $aBOOK 912 $a9910398037103321 996 $aAportaciones sobre justicia en delitos de especial relevancia para las mujeres$92063526 997 $aUNINA LEADER 01836nas 2200505-a 450 001 9910624350403321 005 20240413024157.0 011 $a2401-091X 035 $a(CKB)110992357303834 035 $a(CONSER)sn-87020776- 035 $a(EXLCZ)99110992357303834 100 $a19870605b19862006 --- b 101 0 $afre 181 $ctxt$2rdacontent 182 $cc$2rdamedia 183 $acr$2rdacarrier 200 00$aArchéologie du Nil moyen 210 $aLille, France $cF. Geus$d©1986- 215 $a1 online resource 311 08$aPrint version: Archéologie du Nil moyen. 0299-8130 (DLC)sn 87020776 (OCoLC)15814877 531 0 $aArchéol. Nil Moyen 606 $aExcavations (Archaeology)$zNile River Valley$vPeriodicals 606 $aExcavations (Archaeology)$zEgypt$vPeriodicals 606 $aExcavations (Archaeology)$zNubia$vPeriodicals 606 $aAntiquities$2fast$3(OCoLC)fst00810745 606 $aExcavations (Archaeology)$2fast$3(OCoLC)fst00917564 607 $aSudan$xAntiquities$vPeriodicals 607 $aNubia$xAntiquities$vPeriodicals 607 $aAfrica$zNubia$2fast 607 $aEgypt$2fast$1https://id.oclc.org/worldcat/entity/E39QbtfRDwpX7XgppvP7ww3J9c 607 $aNile River Valley$2fast 607 $aSudan$2fast$1https://id.oclc.org/worldcat/entity/E39PBJh4qYjT3cck3wrddjRMyd 608 $aPeriodicals.$2fast 615 0$aExcavations (Archaeology) 615 0$aExcavations (Archaeology) 615 0$aExcavations (Archaeology) 615 7$aAntiquities. 615 7$aExcavations (Archaeology) 676 $a932.005 712 02$aAssociation pour la promotion de l'arche?ologie nilotique (Lille, France) 906 $aJOURNAL 912 $a9910624350403321 920 $aexl_impl conversion 996 $aArcheologie du Nil Moyen$91325770 997 $aUNINA